24 Three-Letter Words in 3 Minutes - Statistics

General Stats
  • This quiz has been taken 125 times
  • The average score is 23 of 24
Answer Stats
Definition Three Letter Words % Correct
A piece of furniture for sleep or rest. Bed
100%
A police officer. Cop
99%
A boy or man in relation to either or both of his parents. Son
98%
An object for a child to play with. Toy
98%
Covering for the head made of real or artificial hair. Wig
98%
A hot drink made by infusing dried crushed leaves in boiling water. Tea
97%
Any of the five digits at the end of the human foot. Toe
97%
A state of armed conflict between different nations or states. War
97%
A large motor vehicle carrying passengers by road. Bus
96%
Used to express good wishes when parting or at the end of a conversation. Bye
96%
The star around which the earth orbits. Sun
96%
A unit of weight equal to 2,000 pounds. Ton
96%
The basic monetary unit of Japan. Yen
96%
An establishment which maintains a collection of wild animals. Zoo
96%
To squeeze someone tightly in one's arms, typically to express affection. Hug
95%
The expanse of salt water that covers most of the earth's surface. Sea
95%
A strip of material worn around the collar and tied in a knot at the front with the ends hanging down. Tie
95%
A large primate that lacks a tail. Ape
94%
A commercial establishment offering health and beauty treatment. Spa
94%
A baked dish of fruit, or meat and vegetables, typically with a top and base of pastry. Pie
93%
A person who secretly collects and reports information on the activities of an enemy or competitor. Spy
92%
A car licensed to transport passengers in return for payment. Cab
88%
A supernatural creature of folk tales with pointed ears and magical powers, Elf
85%
A sum of money given to someone as a reward for their services. Tip
80%
No matching quizzes found
Score Distribution
Percent of People with Each Score
Percentile by Number Answered
Your Score History
You have not taken this quiz